Discurso sobre si la ley de 11 de octubre de 1820, restablecida en 30 de agosto de 1836, hizo propietarios de los bienes de las vinculaciones civiles a los detentadores de estas / (Record no. 155372)

MARC details
000 -LEADER
campo de control de longitud fija 00828nam a2200169 i 4500
001 - NÚMERO DE CONTROL
campo de control 155372
003 - IDENTIFICADOR DE NÚMERO DE CONTROL
campo de control ES-MaACL
005 - FECHA Y HORA DE LA ÚLTIMA TRANSACCIÓN
campo de control 20230906210042.0
008 - DATOS DE LONGITUD FIJA--INFORMACIÓN GENERAL
campo de control de longitud fija 040720s1846 sp |||| | spa d
080 ## - NÚMERO DE LA CLASIFICACIÓN DECIMAL UNIVERSAL
Número de la Clasificación Decimal Universal 347.235(460)
100 1# - ENTRADA PRINCIPAL--NOMBRE DE PERSONA
Nombre de persona Herrera Davila, Diego.
9 (RLIN) 127926
245 10 - MENCIÓN DEL TÍTULO
Título Discurso sobre si la ley de 11 de octubre de 1820, restablecida en 30 de agosto de 1836, hizo propietarios de los bienes de las vinculaciones civiles a los detentadores de estas /
Mención de responsabilidad, etc. por el bachiller en jurisprudencia D. Diego Herrera Dávila.
260 ## - PUBLICACIÓN, DISTRIBUCIÓN, ETC.
Lugar de publicación, distribución, etc. Sevilla :
Nombre del editor, distribuidor, etc. [s.n.],
Fecha de publicación, distribución, etc. 1846 (
Fabricante Imp. de Morales, Baron y compañía)
300 ## - DESCRIPCIÓN FÍSICA
Extensión 12 p. ;
Dimensiones 19 cm.
650 #4 - PUNTO DE ACCESO ADICIONAL DE MATERIA--TÉRMINO DE MATERIA
Término de materia o nombre geográfico como elemento de entrada Propiedad rústica-
Subdivisión geográfica España.
9 (RLIN) 16497
852 4# - LOCALIZACIÓN
Ubicación ES-MaACL
Número de control de estantería T-8-F-11
Nota libre - Enc. hol., falto de cub. original
-- - Enc. en un vol. facticio
-- - Dedicatoria autógrafa del autor
Holdings
Estatus retirado Estado de pérdida Estado de daño No para préstamo Colección Biblioteca de origen Biblioteca actual Ubicación en estantería Fecha de adquisición Total de préstamos Signatura topográfica completa Código de barras Visto por última vez Precio de reemplazo Tipo de ítem Koha
        Colección de folletos Biblioteca del Ateneo de Madrid Biblioteca del Ateneo de Madrid Depósito folletos 17/01/2008   T-8-F-11 1162525 23/02/2023 23/02/2023 Folleto